000 00427nam a2200181Ia 4500
008 230524s9999 xx 000 0 und d
020 _a8129701165
082 _a621.3821
_bROD
100 _aDennis Roddy
245 0 _aElectronic Communications
250 _a4TH
260 _aNEW DELHI
_bPearson
_c2003
300 _a820
500 _aQuantity Number: 7
650 _aElectronics
700 _a John Coolen
942 _cBK
999 _c9034
_d9034